00528nam a2200193 a 4500001001300000003000900013005001700022008004100039020001100080082001300091100001900104245005900123260005000182300000800232500003500240505002400275650001600299700001900315nice12345678IN_TiNIC20260116012521.0050524s1984 seca grp 000 0 eng  ac1.7500a239bSTA aStanton, Don E aWhy All This Controversy and the Attack on the Person. aSecunderabadbMaranatha Revival Crusadec1984 a80p aincludes index and biblioraphy2 aBibliography, Index aApologetics1 aStanton, Don E